000 01076nas a2200349 4500
001 BR0804524
003 BR-BrBNA
005 20231205112401.0
007 ta
008 230509b bl.|||p| |||| 00| 00por d
040 _aBR-BrBNA
_bpor
_cBiblioteca Nacional de Agricultura
041 _a(Pt)
072 _aQ03
100 1 _aMarques, S.C.
100 1 _aSantos, A.L.S.
100 1 _aPiccoli, R.H.
245 1 _aPesquisa de Staphylococcus coagulase positiva e coliforme termotolerante em mãos de manipuladores em uma feira de produtos caseiros e artesanais no Município de Lavras, MG
650 _aALIMENTO
650 _aCOMERCIALIZAÇÃO
650 _aPESQUISA
650 _aHIGIENE SANITÁRIA
650 _aFEIRA
650 _aINDÚSTRIA CASEIRA
650 _aARTESANATO
650 _aCONTAMINAÇÃO
650 _aCOLIFORME
650 _aBACTÉRIA
650 _aMINAS GERAIS
773 0 _tHigiene Alimentar (Brazil)
_xISSN 0101-9171
_g(Oct 2007), v. 21(155) p. 23-26
_wBR0804524
909 _a202311
_bLúcia
_c55
_dLúcia Elande
942 _2AGRIS
_n0
_cANA
999 _c197768
_d197768